00465nam a22001457a 4500003000400000005001700004008004100021040001100062041001200073100004300085245005800128260005300186650002200239856005800261OSt20260220100754.0260220b |||||||| |||| 00| 0 eng d cMRSPTU aEnglish aRakesh Kumar, Supervisor: Rajesh Kumar aDesign and Analysis of Multi-Storeyed School Building bDepartment of Civil Engg. MRSPTU, Bathindac2005 aCivil Engineering uhttp://163.47.215.52:8080/jspui/handle/123456789/1118